Statistics for All-Time Left-handed NFL Quarterbacks

Click here to take the quiz!

General Stats

  • This quiz has been taken 66 times
  • The average score is 7 of 14

Answer Stats

TDs thrown College Primary NFL Team Career Quarterback % Correct
133Virginia TechFalcons2001-15Michael Vick
94%
232BYU49ers1985-99Steve Young
88%
247MarylandBengals1984-97Boomer Esiason
75%
17FloridaBroncos2010-12Tim Tebow
73%
184WashingtonJaguars1993-2011Mark Brunell
71%
194AlabamaRaiders1970-84Ken Stabler
69%
111Cal Poly PomonaSeahawks1976-87Jim Zorn
43%
95UtahLions1990-2001Scott Mitchell
41%
15USCCardinals2006-12Matt Leinart
37%
12TexasBuccaneers2003-10Chris Simms
25%
36KansasBears1969-78Bobby Douglass
24%
16UCLABears1999-2002Cade McNown
12%
27Stanford49ers1950-52Frankie Albert
6%
24USCBrowns1980-87Paul McDonald
6%

Score Distribution

Percentile by Number Answered

Percent of People with Each Score

Your Score History

You have not taken this quiz